Fundador /
محفوظ في:
| المؤلف الرئيسي: | |
|---|---|
| التنسيق: | غير معروف |
| اللغة: | Portuguese |
| منشور في: |
Rio de Janeiro, Brasil :
Labor do Brasil,
1976.
|
| الطبعة: | 2. edición |
| سلاسل: | (Colecao de bolso labor ;
4) |
| الموضوعات: | |
| الوسوم: |
إضافة وسم
لا توجد وسوم, كن أول من يضع وسما على هذه التسجيلة!
|
MARC
| LEADER | 000000000a22000000004500 | ||
|---|---|---|---|
| 001 | 003467 | ||
| 041 | 0 | |a por | |
| 082 | 0 | 4 | |a Br869.3 |b P657f2 |
| 100 | 1 | |a Piñon, Nelida | |
| 245 | 1 | 0 | |a Fundador / |c Nelida Piñon. |
| 250 | |a 2. edición | ||
| 260 | 1 | |a Rio de Janeiro, Brasil : |b Labor do Brasil, |c 1976. | |
| 300 | |a 256 páginas | ||
| 490 | 1 | |a (Colecao de bolso labor ; |v 4) | |
| 500 | |a Colección George Yudice | ||
| 650 | 4 | |a LITERATURA BRASILEÑA | |
| 650 | 4 | |a ROMANCE | |
| 999 | |c 9688 |d 9688 | ||
| 942 | |c BK |h Br869.3 P657f2 |2 z | ||
